The pakistan army 1966-71 (Record no. 185558)
[ view plain ]
| 000 -LEADER | |
|---|---|
| fixed length control field | 00692 a2200169 4500 |
| 003 - CONTROL NUMBER IDENTIFIER | |
| control field | Nust |
| 005 - DATE AND TIME OF LATEST TRANSACTION | |
| control field | 20170207153415.0 |
| 040 ## - CATALOGING SOURCE | |
| Transcribing agency | Nust |
| 082 ## - DEWEY DECIMAL CLASSIFICATION NUMBER | |
| Classification number | 358.3095491 |
| 100 ## - MAIN ENTRY--PERSONAL NAME | |
| Personal name | Maj Gen (Retd) Shaukat Riza |
| 245 ## - TITLE STATEMENT | |
| Title | The pakistan army 1966-71 |
| 260 ## - PUBLICATION, DISTRIBUTION, ETC. | |
| Place of publication, distribution, etc. | Lahore |
| Name of publisher, distributor, etc. | Army education press |
| Date of publication, distribution, etc. | 1995 |
| 300 ## - PHYSICAL DESCRIPTION | |
| Extent | 240 |
| 505 ## - FORMATTED CONTENTS NOTE | |
| Formatted contents note | The Road to Secession (Page-1) The Pakistan Army-December 1970(Page-59) Military Action (Page-73) Search and Destroy (Page-101) Prelude to War (Page-119) The War in East Pakistan (Page-133) The War in West Pakistan (page-165) In the Winter of Our Discontent (page-211) Epilogue (Page-213) |
| 538 ## - SYSTEM DETAILS NOTE | |
| System details note | Almirah No.54 Shelf No.5 |
| 650 ## - SUBJECT ADDED ENTRY--TOPICAL TERM | |
| Topical term or geographic name entry element | The pakistan army 1966-71 |
| 942 ## - ADDED ENTRY ELEMENTS (KOHA) | |
| Source of classification or shelving scheme | |
| Koha item type | Book |
| Withdrawn status | Lost status | Source of classification or shelving scheme | Damaged status | Not for loan | Collection code | Permanent Location | Current Location | Date acquired | Total Checkouts | Full call number | Barcode | Date last seen | Price effective from | Koha item type |
|---|---|---|---|---|---|---|---|---|---|---|---|---|---|---|
| Military College of Signals (MCS) | Military College of Signals (MCS) | 12/12/2016 | 358.3095491 RIZ | MCS21328 | 12/08/2016 | 12/12/2016 | Book | |||||||
| Military College of Signals (MCS) | Military College of Signals (MCS) | 12/12/2016 | 358.3095491 RIZ | MCS21341 | 12/08/2016 | 12/12/2016 | Book | |||||||
| Military College of Signals (MCS) | Military College of Signals (MCS) | 12/12/2016 | 358.3095491 RIZ | MCS21342 | 12/08/2016 | 12/12/2016 | Book | |||||||
| Military College of Signals (MCS) | Military College of Signals (MCS) | 12/12/2016 | 358.3095491 RIZ | MCS21343 | 12/08/2016 | 12/12/2016 | Book | |||||||
| Military College of Signals (MCS) | Military College of Signals (MCS) | 12/12/2016 | 358.3095491 RIZ | MCS21441 | 12/08/2016 | 12/12/2016 | Book |
